Los Primeros pasos del arte tipográfico en Chile y especialmente en Valparaíso

Na minha lista:
Detalhes bibliográficos
Autor principal: HERNANDEZ CORNEJO, ROBERTO (Autor)
Formato: Livro
Idioma:espanhol
Publicado em: Valparaíso Imprenta Victoria 1930
Edição:1a. ed
Assuntos:
Tags: Adicionar Tag
Sem tags, seja o primeiro a adicionar uma tag!

MARC

LEADER 00000cam a2200000 a 4500
001 UCJ3694
003 CL-VaPUC
008 070124e19300000CL |||||||||||||||||spa|d
082 0 4 |a 983  |b HER  |2 21 
100 |a HERNANDEZ CORNEJO, ROBERTO  |e author  |9 438279 
245 1 4 |a Los Primeros pasos del arte tipográfico en Chile y especialmente en Valparaíso 
250 |a 1a. ed 
300 |a 43 p 
651 0 |a Valparaíso, Chile  |9 261144 
942 |c BK 
945 |d 20070124 00:00:00  |a rinostro 
260 |a Valparaíso  |b Imprenta Victoria  |c 1930 
500 |a Conferencia leída en el Salón de Actos de la Biblioteca Severín, con motivo de las Bodas de Diamante de la Sociedad Tipográfica de Valparaíso, fundada el 6 de Mayo de 1855 
500 |a Camilo Henríquez y la publicación de la Aurora de Chile. Un homenaje con motivo de la primera celebración del Día de la Prensa, que se verificó en el Teatro de la Victoria de Valparaíso 
500 |a Fotografías de personajes históricos relacionados con la imprenta en Chile y reproducciones del primer número de La Aurora de Chile y de El Mercurio de Valparaíso 
600 0 7 |a SOCIEDAD TIPOGRAFICA DE VALPARAISO  |2 CL-VaPUC  |9 505929 
600 0 7 |a AURORA DE CHILE  |2 CL-VaPUC  |9 505930 
600 0 |a El mercurio de valparaíso  |9 445813 
650 0 |a Historia de Chile  |9 265473 
650 0 |a Imprenta  |9 265883 
650 0 |a Biografías  |9 255210 
650 0 |a Homenajes  |9 258192 
650 0 |a Discursos   |9 265028 
650 0 |a Periodismo   |9 310113 
650 0 |a Iconografía   |9 267998 
583 |a last modification  |c 20171229 10:27:45  |k Rodrigo Vera 
999 |c 319816  |d 319814 
952 |0 0  |1 0  |4 0  |6 983_000000000000000_HER_1930  |7 0  |8 X  |9 398200  |a FDOBUD  |b FDOBUD  |d 2019-11-22  |i 1007092  |o 983 HER 1930  |p 1007092  |r 2019-11-22  |w 2019-11-22  |y BK_X  |k BUD 
952 |0 0  |1 0  |4 0  |6 983_000000000000000_HER_1930  |7 0  |8 X  |9 398201  |a FDOBUD  |b FDOBUD  |d 2019-11-22  |i 1009869  |o 983 HER 1930  |p 1009869  |r 2019-11-22  |w 2019-11-22  |y BK_X  |k BUD 
952 |0 0  |1 0  |3 erd  |4 0  |6 983_000000000000000_HER_1930  |7 0  |8 X  |9 398202  |a FDOBUD  |b FDOBUD  |i 5445035  |o 983 HER 1930  |p 5445035  |r 2019-11-22  |w 2019-11-22  |y BK_X  |z Catalogado en:20171230  |k BUD